Statistiques concernant Les personnalités nées dans le Maine et Loire par images

Cliquez ici pour prendre le quiz!

Statistiques générales

  • Ce quiz a été pris 46 fois
  • Le résultat moyen est 5 sur 18

Statistiques - réponses

Réponse% Correct
Jean-Marc Ayrault
59%
Coco Chanel
57%
Fanny Ardant
48%
Nicolas Mahut
43%
Joachim du Bellay
41%
Valérie Trierweiler
32%
Adèle Castillon
25%
Da Uzi
25%
Hervé Bazin
23%
René d'Anjou
20%
Jessica Houara-d'Hommeaux
16%
Matthis Abline
16%
Pierre David d'Angers
16%
Samuel Albert
11%
JustZoe
9%
Patrice Chéreau
9%
Julien Gracq
5%
Danièle Sallenave
0%

Distribution des résultats

Percentile par nombre de réponses

% des personnes avec chaque résultat

Votre développement - résultats

Vous n’avez pas pris ce quiz